Sports Quiz

Random Sports or NBA Quiz

NBA 10,000 Points/2,500 Rebounds/2,500 Assists Quiz Stats

Quiz Updated Jul 19, 2017

Challenge
Share
Tweet
Embed
Score 0/158 Timer 15:00
1 Play Today
Status Player % Correct
HOFMichael Jordan
97.6%
RetiredKobe Bryant
96.6%
HOFKarl Malone
93%
HOFMagic Johnson
92.9%
HOFDennis Johnson
91.8%
RetiredJohn Johnson
91.8%
HOFShaquille O'Neal
91.7%
RetiredMarques Johnson
91.7%
RetiredVinnie Johnson
91.7%
ActiveJoe Johnson
91.7%
RetiredEddie Johnson
91.6%
RetiredMickey Johnson
91.6%
ActiveLeBron James
89.2%
HOFKareem Abdul-Jabbar
88.8%
RetiredKevin Garnett
87%
RetiredPaul Pierce
85.9%
HOFLarry Bird
85.4%
HOFWilt Chamberlain
85.3%
ActiveDirk Nowitzki
85.3%
HOFJohn Stockton
83.6%
HOFReggie Miller
82.4%
ActiveDwyane Wade
81.9%
ActiveAndre Miller
81.8%
RetiredTim Duncan
81.7%
HOFScottie Pippen
81.6%
HOFAllen Iverson
81.4%
HOFHakeem Olajuwon
81.3%
RetiredRay Allen
80.9%
ActiveMike Miller
80%
HOFJerry West
79.6%
RetiredSteve Nash
77.8%
ActiveCarmelo Anthony
77.3%
RetiredJason Kidd
75.4%
ActiveKevin Durant
74.5%
HOFDominique Wilkins
74.5%
RetiredGerald Wilkins
73.9%
ActiveStephen Curry
72%
ActiveTony Parker
71.8%
HOFIsiah Thomas
71.7%
HOFOscar Robertson
70.2%
RetiredAlvin Robertson
69.6%
HOFBill Russell
69.1%
ActiveChris Paul
68.9%
HOFJulius Erving
68.9%
HOFCharles Barkley
67.4%
HOFClyde Drexler
67.1%
RetiredClifford Robinson
66.6%
HOFGary Payton
65.7%
ActivePau Gasol
64.2%
RetiredJuwan Howard
60.6%
HOFJames Worthy
60.4%
RetiredChris Webber
59.9%
ActiveRussell Westbrook
59.2%
Status Player % Correct
ActiveVince Carter
58.1%
ActiveManu GinĂ³bili
58%
HOFJohn Havlicek
58%
ActiveJames Harden
56.9%
RetiredRandy Smith
56.9%
RetiredSteve Smith
56.8%
ActiveDeron Williams
56.3%
HOFBob Cousy
54.2%
HOFTracy McGrady
53.6%
ActiveJosh Smith
53.4%
RetiredEddie Jones
53.1%
RetiredMark Jackson
53%
RetiredJim Jackson
52.9%
RetiredChauncey Billups
52%
HOFElgin Baylor
52%
RetiredStephen Jackson
51.9%
RetiredRichard Hamilton
49.8%
HOFAlex English
49.5%
RetiredGrant Hill
47.8%
RetiredTim Hardaway
47.8%
RetiredPenny Hardaway
47.7%
RetiredWalter Davis
43.8%
RetiredBaron Davis
43.7%
HOFChris Mullin
42.2%
HOFPete Maravich
41.8%
HOFRick Barry
41.7%
HOFWalt Frazier
40.5%
ActiveJason Terry
40.4%
RetiredMike Bibby
39.2%
RetiredHorace Grant
38.2%
HOFBernard King
36.5%
RetiredLamar Odom
36.2%
RetiredDerek Fisher
34.9%
ActiveJamal Crawford
34%
RetiredJalen Rose
33.4%
HOFWes Unseld
32.8%
HOFAdrian Dantley
32%
ActiveKyle Lowry
31.7%
RetiredVlade Divac
31.7%
HOFMitch Richmond
31.4%
RetiredAntoine Walker
30.2%
RetiredStephon Marbury
29.2%
HOFEarl Monroe
28.1%
ActiveMetta World Peace
27.4%
RetiredRon Harper
26.9%
RetiredDerek Harper
26.9%
ActiveMonta Ellis
26.9%
RetiredLatrell Sprewell
26.6%
RetiredMaurice Cheeks
26.2%
RetiredJeff Hornacek
26.1%
RetiredMichael Finley
25.6%
HOFLenny Wilkens
25.5%
RetiredDamon Stoudamire
25.3%
Status Player % Correct
RetiredByron Scott
25%
RetiredJerry Stackhouse
24.7%
RetiredKenny Anderson
24%
RetiredTerry Porter
23.1%
ActiveAndre Iguodala
23.1%
HOFDave Bing
22.8%
HOFDave Cowens
22.3%
RetiredDetlef Schrempf
22.1%
RetiredSteve Francis
22%
RetiredCharles Oakley
22%
RetiredFred Brown
21.9%
HOFJo Jo White
21.7%
RetiredSam Cassell
21.6%
HOFDolph Schayes
21.3%
RetiredDanny Ainge
20.7%
HOFGail Goodrich
20.4%
HOFBob Lanier
19.9%
RetiredMark Aguirre
19.9%
HOFHal Greer
18.9%
HOFJerry Lucas
18.7%
RetiredDan Majerle
16.9%
HOFBilly Cunningham
16.9%
RetiredHedo Turkoglu
16.7%
RetiredRolando Blackman
16.5%
HOFNate Thurmond
15.3%
RetiredJack Sikma
15.3%
RetiredNick Van Exel
14.9%
RetiredHersey Hawkins
14.8%
HOFWalt Bellamy
13.6%
RetiredSidney Moncrief
13.5%
RetiredAlvan Adams
11.3%
RetiredOtis Thorpe
10.9%
RetiredRod Strickland
10.4%
RetiredReggie Theus
10.1%
RetiredFat Lever
9.6%
RetiredMookie Blaylock
9.6%
RetiredBob Dandridge
7.3%
RetiredChuck Person
7%
RetiredPaul Silas
6.1%
RetiredKendall Gill
5.8%
ActiveRaymond Felton
5.5%
RetiredRobert Reid
5%
RetiredJeff Mullins
3.9%
HOFGuy Rodgers
3.8%
HOFRichie Guerin
3.4%
RetiredDick Barnett
3%
RetiredDick Van Arsdale
2.7%
RetiredSam Lacey
2.4%
RetiredVern Fleming
2.3%
RetiredBill Bridges
1.8%
RetiredGene Shue
1.6%
RetiredDick Snyder
1%

You're not logged in!

Compare scores with friends on all Sporcle quizzes.
Sign Up with Email
OR
Log In

You Might Also Like...

Show Comments

Extras

Top Quizzes Today


Score Distribution

Your Account Isn't Verified!

In order to create a playlist on Sporcle, you need to verify the email address you used during registration. Go to your Sporcle Settings to finish the process.